书目信息 |
| 题名: |
细胞生物学与遗传学实验指导
|
|
| 作者: | 孟祥勋 , 张焕相 主编 | |
| 分册: | ||
| 出版信息: | 苏州 苏州大学出版社 2010.04 |
|
| 页数: | 201页 | |
| 开本: | 26cm | |
| 丛书名: | 生物学实验指导丛书 | |
| 单 册: | ||
| 中图分类: | Q2-33 , R394-33 | |
| 科图分类: | ||
| 主题词: | 细胞生物学--xi bao sheng wu xue--实验--高等学校--教学参考资料 , 医学遗传学--yi xue yi chuan xue--实验--高等学校--教学参考资料 | |
| 电子资源: | ||
| ISBN: | 978-7-81137-456-8 | |
| 000 | 01228nam 2200301 450 | |
| 001 | 012010112666 | |
| 005 | 20101119140938.56 | |
| 010 | @a978-7-81137-456-8@dCNY24.00 | |
| 100 | @a20101118d2010 em y0chiy0120 ea | |
| 101 | 0 | @achi |
| 102 | @aCN@b320000 | |
| 105 | @aa a 000yy | |
| 106 | @ar | |
| 200 | 1 | @a细胞生物学与遗传学实验指导@Axi bao sheng wu xue yu yi chuan xue shi yan zhi dao@f孟祥勋, 张焕相主编@Fzhu bian meng xiang xun,zhang huan xiang |
| 210 | @a苏州@c苏州大学出版社@d2010.04 | |
| 215 | @a201页@c图@d26cm | |
| 225 | 2 | @a生物学实验指导丛书@Asheng wu xue shi yan zhi dao cong shu |
| 320 | @a有书目 (第201页) | |
| 330 | @a本书为医学实验指导丛书之一,细胞与遗传学实验包括基础实验、综合实验和开放实验三个方面的内容。每个实验从目的、原理、用品、方法与步骤、结果等方面进行归纳阐述,并附有作业与思考题。 | |
| 410 | 0 | @12001 @a生物学实验指导丛书 |
| 606 | 0 | @a细胞生物学@Axi bao sheng wu xue@x实验@x高等学校@j教学参考资料 |
| 606 | 0 | @a医学遗传学@Ayi xue yi chuan xue@x实验@x高等学校@j教学参考资料 |
| 690 | @aQ2-33@v4 | |
| 690 | @aR394-33@v4 | |
| 701 | 0 | @a孟祥勋@Ameng xiang xun@4主编 |
| 701 | 0 | @a张焕相@Azhang huan xiang@4主编 |
| 801 | 0 | @aCN@bQSSK@c20101119 |
| 905 | @b788743-45@dQ2-33@eM622@f3 | |
| 细胞生物学与遗传学实验指导/孟祥勋, 张焕相主编.-苏州:苏州大学出版社,2010.04 |
| 201页:图;26cm.-(生物学实验指导丛书) |
| ISBN 978-7-81137-456-8:CNY24.00 |
| 本书为医学实验指导丛书之一,细胞与遗传学实验包括基础实验、综合实验和开放实验三个方面的内容。每个实验从目的、原理、用品、方法与步骤、结果等方面进行归纳阐述,并附有作业与思考题。 |
| ● |
| 相关链接 |
|
|
|
正题名:细胞生物学与遗传学实验指导
索取号:Q2-33/M622
 
预约/预借
| 序号 | 登录号 | 条形码 | 馆藏地/架位号 | 状态 | 备注 |
| 1 | 788743 | 207887438 | 自科库401/401自科库 26排4列1层/ [索取号:Q2-33/M622] | 在馆 | |
| 2 | 788744 | 207887447 | 自科库401/401自科库 26排4列1层/ [索取号:Q2-33/M622] | 在馆 | |
| 3 | 788745 | 207887456 | 自科库401/401自科库 26排4列1层/ [索取号:Q2-33/M622] | 在馆 |